<?xml version="1.0" encoding="UTF-8"?>
<record
    xmlns:xsi="http://www.w3.org/2001/XMLSchema-instance"
    xsi:schemaLocation="http://www.loc.gov/MARC21/slim http://www.loc.gov/standards/marcxml/schema/MARC21slim.xsd"
    xmlns="http://www.loc.gov/MARC21/slim">

  <leader>01706    a2200265   4500</leader>
  <controlfield tag="003">NALT</controlfield>
  <controlfield tag="005">20240607114449.0</controlfield>
  <controlfield tag="008">240401b        th ||||| |||| 00| 0 tha d</controlfield>
  <datafield tag="020" ind1=" " ind2=" ">
    <subfield code="a">9786164860827</subfield>
  </datafield>
  <datafield tag="040" ind1=" " ind2=" ">
    <subfield code="a">&#xE4C;NALT</subfield>
  </datafield>
  <datafield tag="050" ind1=" " ind2=" ">
    <subfield code="a">DK 18.8</subfield>
    <subfield code="b">&#xE17;133&#xE20; 2565</subfield>
  </datafield>
  <datafield tag="100" ind1="0" ind2=" ">
    <subfield code="a">&#xE17;&#xE23;&#xE07;&#xE0A;&#xE31;&#xE22; &#xE17;&#xE2D;&#xE07;&#xE1B;&#xE32;&#xE19;</subfield>
    <subfield code="9">37319</subfield>
  </datafield>
  <datafield tag="245" ind1="1" ind2="0">
    <subfield code="a">&#xE20;&#xE39;&#xE21;&#xE34;&#xE28;&#xE32;&#xE2A;&#xE15;&#xE23;&#xE4C;&#xE23;&#xE31;&#xE2A;&#xE40;&#xE0B;&#xE35;&#xE22; : </subfield>
    <subfield code="b">&#xE08;&#xE32;&#xE01;&#xE1E;&#xE37;&#xE49;&#xE19;&#xE1E;&#xE34;&#xE20;&#xE1E;&#xE2A;&#xE39;&#xE48;&#xE04;&#xE27;&#xE32;&#xE21;&#xE40;&#xE1B;&#xE25;&#xE35;&#xE48;&#xE22;&#xE19;&#xE41;&#xE1B;&#xE25;&#xE07;&#xE2A;&#xE20;&#xE32;&#xE1E;&#xE20;&#xE39;&#xE21;&#xE34;&#xE2D;&#xE32;&#xE01;&#xE32;&#xE28; /</subfield>
    <subfield code="c">&#xE17;&#xE23;&#xE07;&#xE0A;&#xE31;&#xE22; &#xE17;&#xE2D;&#xE07;&#xE1B;&#xE32;&#xE19; &#xE40;&#xE02;&#xE35;&#xE22;&#xE19; ; &#xE01;&#xE31;&#xE13;&#xE10;&#xE31;&#xE28;&#xE28;&#xE32; &#xE1E;&#xE07;&#xE29;&#xE4C;&#xE2B;&#xE34;&#xE23;&#xE31;&#xE0D;, &#xE1A;&#xE23;&#xE23;&#xE13;&#xE32;&#xE18;&#xE34;&#xE01;&#xE32;&#xE23;.</subfield>
  </datafield>
  <datafield tag="250" ind1=" " ind2=" ">
    <subfield code="a">&#xE1E;&#xE34;&#xE21;&#xE1E;&#xE4C;&#xE04;&#xE23;&#xE31;&#xE49;&#xE07;&#xE41;&#xE23;&#xE01;.</subfield>
  </datafield>
  <datafield tag="260" ind1=" " ind2=" ">
    <subfield code="a">&#xE01;&#xE23;&#xE38;&#xE07;&#xE40;&#xE17;&#xE1E;&#xE2F; : </subfield>
    <subfield code="b">&#xE2A;&#xE22;&#xE32;&#xE21;&#xE1B;&#xE23;&#xE34;&#xE17;&#xE31;&#xE28;&#xE19;&#xE4C;, 2565</subfield>
  </datafield>
  <datafield tag="300" ind1=" " ind2=" ">
    <subfield code="a">xi, 117 &#xE2B;&#xE19;&#xE49;&#xE32; : </subfield>
    <subfield code="b">&#xE20;&#xE32;&#xE1E;&#xE1B;&#xE23;&#xE30;&#xE01;&#xE2D;&#xE1A;, &#xE41;&#xE1C;&#xE19;&#xE17;&#xE35;&#xE48; ; </subfield>
    <subfield code="c">21 &#xE0B;&#xE21;.</subfield>
  </datafield>
  <datafield tag="505" ind1="0" ind2=" ">
    <subfield code="a">&#xE41;&#xE1C;&#xE48;&#xE19;&#xE14;&#xE34;&#xE19;&#xE23;&#xE31;&#xE2A;&#xE40;&#xE0B;&#xE35;&#xE22; -- &#xE41;&#xE21;&#xE48;&#xE19;&#xE49;&#xE33; -- &#xE17;&#xE30;&#xE40;&#xE25;&#xE2A;&#xE32;&#xE1A;&#xE44;&#xE1A;&#xE04;&#xE32;&#xE25; -- &#xE1E;&#xE37;&#xE0A;&#xE41;&#xE25;&#xE30;&#xE2A;&#xE31;&#xE15;&#xE27;&#xE4C; -- Climate Change.</subfield>
  </datafield>
  <datafield tag="650" ind1=" " ind2="4">
    <subfield code="a">&#xE20;&#xE39;&#xE21;&#xE34;&#xE28;&#xE32;&#xE2A;&#xE15;&#xE23;&#xE4C; </subfield>
    <subfield code="z">&#xE23;&#xE31;&#xE2A;&#xE40;&#xE0B;&#xE35;&#xE22; (&#xE2A;&#xE2B;&#xE1E;&#xE31;&#xE19;&#xE18;&#xE23;&#xE31;&#xE10;) </subfield>
    <subfield code="9">63543</subfield>
  </datafield>
  <datafield tag="650" ind1=" " ind2="4">
    <subfield code="a">&#xE01;&#xE32;&#xE23;&#xE1C;&#xE31;&#xE19;&#xE41;&#xE1B;&#xE23;&#xE02;&#xE2D;&#xE07;&#xE20;&#xE39;&#xE21;&#xE34;&#xE2D;&#xE32;&#xE01;&#xE32;&#xE28; </subfield>
    <subfield code="z">&#xE23;&#xE31;&#xE2A;&#xE40;&#xE0B;&#xE35;&#xE22; (&#xE2A;&#xE2B;&#xE1E;&#xE31;&#xE19;&#xE18;&#xE23;&#xE31;&#xE10;)</subfield>
    <subfield code="9">63544</subfield>
  </datafield>
  <datafield tag="651" ind1=" " ind2="4">
    <subfield code="a">&#xE23;&#xE31;&#xE2A;&#xE40;&#xE0B;&#xE35;&#xE22; (&#xE2A;&#xE2B;&#xE1E;&#xE31;&#xE19;&#xE18;&#xE23;&#xE31;&#xE10;) </subfield>
    <subfield code="x">&#xE20;&#xE39;&#xE21;&#xE34;&#xE1B;&#xE23;&#xE30;&#xE40;&#xE17;&#xE28;&#xE41;&#xE25;&#xE30;&#xE01;&#xE32;&#xE23;&#xE17;&#xE48;&#xE2D;&#xE07;&#xE40;&#xE17;&#xE35;&#xE48;&#xE22;&#xE27;</subfield>
    <subfield code="9">63545</subfield>
  </datafield>
  <datafield tag="700" ind1="0" ind2=" ">
    <subfield code="a">&#xE01;&#xE31;&#xE13;&#xE10;&#xE31;&#xE28;&#xE28;&#xE32; &#xE1E;&#xE07;&#xE29;&#xE4C;&#xE2B;&#xE34;&#xE23;&#xE31;&#xE0D;</subfield>
    <subfield code="9">63546</subfield>
  </datafield>
  <datafield tag="942" ind1=" " ind2=" ">
    <subfield code="c">GB</subfield>
    <subfield code="2">lcc</subfield>
  </datafield>
  <datafield tag="996" ind1=" " ind2=" ">
    <subfield code="a">saiphon.d</subfield>
    <subfield code="b">CATSTF	</subfield>
    <subfield code="c">2024-04-01</subfield>
  </datafield>
  <datafield tag="999" ind1=" " ind2=" ">
    <subfield code="c">104879</subfield>
    <subfield code="d">104879</subfield>
  </datafield>
  <datafield tag="998" ind1=" " ind2=" ">
    <subfield code="j">111</subfield>
    <subfield code="k"> &#xE19;&#xE32;&#xE07;&#xE2A;&#xE32;&#xE27;&#xE1E;&#xE08;&#xE1E;&#xE34;&#xE13;  &#xE1E;&#xE23;&#xE21;&#xE40;&#xE2D;&#xE35;&#xE48;&#xE22;&#xE21;</subfield>
  </datafield>
  <datafield tag="952" ind1=" " ind2=" ">
    <subfield code="0">0</subfield>
    <subfield code="1">0</subfield>
    <subfield code="2">lcc</subfield>
    <subfield code="4">0</subfield>
    <subfield code="7">0</subfield>
    <subfield code="8">CGBL</subfield>
    <subfield code="a">NALT</subfield>
    <subfield code="b">NALT</subfield>
    <subfield code="c">GEN</subfield>
    <subfield code="d">2024-03-14</subfield>
    <subfield code="e">193</subfield>
    <subfield code="l">1</subfield>
    <subfield code="m">1</subfield>
    <subfield code="o">DK 18.8 &#xE17;133&#xE20; 2565</subfield>
    <subfield code="p">3961222763</subfield>
    <subfield code="r">2024-06-20 00:00:00</subfield>
    <subfield code="s">2024-06-07</subfield>
    <subfield code="w">2024-03-14</subfield>
    <subfield code="y">GB</subfield>
  </datafield>
</record>
